Listez tout les titres de Mauvais Oeil de Lunatic - Statistiques

Statistiques générales
  • Ce quiz a été pris 19 fois
  • Le résultat moyen est 7 sur 15
Statistiques - réponses
Hint Réponse % Correct
8 92I
73%
14 Civilisé
73%
1 Intro
73%
6 Si tu kiffes pas...
73%
5 La lettre
64%
13 Mauvais oeil
55%
3 Groupe sanguin
45%
9 HLM 3
45%
2 Pas l'temps pour les regrets
45%
11 Avertisseurs
36%
15 B.O
36%
12 Le silence n'est pas un oubli
36%
10 Le son qui met la pression
36%
4 L'effort de paix
27%
7 Têtes brulées
9%
Aucun quiz correspondant
Distribution des résultats
% des personnes avec chaque résultat
Percentile par nombre de réponses
Votre historique - résultats
Vous n’avez pas pris ce quiz